La réponse contient une nationalité - Statistiques

Statistiques générales
  • Ce quiz a été pris 33 fois
  • Le résultat moyen est 6 sur 15
Statistiques - réponses
Indices Réponses % Correct
"Une saison qui n'existe que dans le nord de l'Amérique." L'été indien
77%
Façon de marcher les uns derrière les autres. En file indienne
73%
Même sucrée, on ne la fait pas sans casser des œufs. Une omelette norvégienne
63%
Individu faisant office de bouc émissaire. Une tête de Turc
60%
Celle-ci n'ouvre aucune porte. Une clé anglaise
50%
Avec un premier orteil plus grand que les quatre autres. Un pied égyptien
50%
Lieu où les convives partagent ce qu'ils ont apporté. Une auberge espagnole
37%
Abri de camping triangulaire. Une tente canadienne
33%
Une torture insoutenable et cruelle. Un supplice chinois
33%
Pour faire sa toilette de plain pied. Une douche à l'italienne
27%
Au cinéma, scène nocturne tournée en plein jour. Une nuit américaine
27%
Celui-ci ne se contente pas de couper. Un couteau suisse
23%
Celle-ci ne se fume pas. Une cigarette russe
23%
Formation militaire incohérente. Une armée mexicaine
10%
L'autre nom de la physalie, animal marin venimeux. La galère portugaise
3%
Aucun quiz correspondant
Distribution des résultats
% des personnes avec chaque résultat
Percentile par nombre de réponses
Votre historique - résultats
Vous n’avez pas pris ce quiz